000 00816nas a2200241 a 4500
001 001045845
003 AM-YeHGA
005 20250617150947.0
008 141110c19199999|||qrzp 0 0arm d
040 _aAM-YeHGA
041 0 _aarm
222 0 _aԼուսավորիչ
245 0 0 _aԼուսավորիչ :
_bԿիսամսյա կրոնական թերթ ։ Հայերեն եվ հայատառ թուրքերեն /
_cԽմբ. Մ.Մ. Այճյան.
260 _aԴետրոյթ :
_bԱ. հ.,
_c1919-.
300 _aհամար.
310 _aԿիսամսյա
362 0 _a1916-
650 0 4 _aԱմսագիր
650 1 4 _aՀայոց եկեղեցի
_vՊարբերականներ
650 1 4 _aՍփյուռքահայ գաղթօջախներ
_zԱՄՆ
_vՊարբերականներ
942 _2udc
_cCR
090 _c343453
999 _c341664
_d341664